header

Domino Web Access 6.5 on Linux (Record no. 107191)

MARC details
000 -LEADER
fixed length control field 01428nam a2200373Ia 4500
082 04 - DEWEY DECIMAL CLASSIFICATION NUMBER
Classification number 005.2/76
245 00 - TITLE STATEMENT
Title Domino Web Access 6.5 on Linux
250 ## - EDITION STATEMENT
Edition statement 2nd ed.
260 ## - PUBLICATION, DISTRIBUTION, ETC. (IMPRINT)
Place of publication Armonk, N.Y. :
Name of publisher IBM,
Year of publication c2004.
300 ## - PHYSICAL DESCRIPTION
Number of Pages xvi, 454 p. :
Other physical details ill.
490 1# - SERIES STATEMENT
Series statement Redbooks
500 ## - GENERAL NOTE
General note "April 2004."
General note "Installation, configuration, tuning of DWA 6.5 on Red Hat, UnitedLinux ; Overview of features and functionality ; Basic customization techniques."
650 #0 - SUBJECT ADDED ENTRY--TOPICAL TERM
Topical Term Client/server computing.
Topical Term Web servers.
700 1# - ADDED ENTRY--PERSONAL NAME
Personal name Bergland, John.
856 40 - ELECTRONIC LOCATION AND ACCESS
Uniform Resource Identifier http://site.ebrary.com/lib/rucke/Doc?id=10112959

No items available.

© 2026 Rongo University
Contact us: librarian | system librarian | Rongo university